000 00638nam a2200241Ia 4500
003 OSt
005 20220925215209.0
006 a|||||r|||| 00| 0
007 ta
008 220923b |||||||| |||| 00| 0 eng d
020 _a0435820699
037 _cGeneral Book
040 _aRTL
_cRTL
_beng
041 _2eng
_aeng
082 _aYz7, M0
100 _aBell Daniel
_945023
245 0 _aSociological journeys
_b Essays 1960-1980
260 _aLondon
_bHeinemann
_c1980
300 _axxiv, 369p
_ccm.
650 _aEssays Sociology
942 _hYz7, M0
_cGB
_2CC
999 _c568199
_d568199